|
|
|
|
| LEADER |
01366nam a2200277 i 4500 |
| 001 |
c000332398 |
| 003 |
CARM |
| 005 |
00000000000000.0 |
| 008 |
781215s1978 maua b 000 0 eng |
| 010 |
|
|
|a 78111097 //r97
|
| 019 |
1 |
|
|a 1339789
|5 LACONCORD2021
|
| 035 |
|
|
|a (OCoLC)4570204
|5 LACONCORD2021
|
| 050 |
0 |
0 |
|a PC65
|b .R4
|
| 082 |
0 |
0 |
|a 445
|
| 245 |
0 |
0 |
|a Recent transformational studies in European languages /
|c S. Jay Keyser, editor.
|
| 260 |
|
|
|a Cambridge, Mass. :
|b MIT Press,
|c c1978.
|
| 300 |
|
|
|a 206 p. :
|b ill. ;
|c 25 cm.
|
| 490 |
0 |
|
|a Linguistic inquiry monographs ;
|v 3
|
| 504 |
|
|
|a Includes bibliographies.
|
| 505 |
0 |
|
|a Dell, F. C. and Selkirk, E. O. On a morphologically governed vowel alternation in French.--Koster, J. Why subject sentences don't exist.--Pollock, J.-Y. Trace theory and French syntax.--Rizzi, L. A restructuring rule in Italian syntax.--Rouveret, A. Result clauses and conditions on rules.--Riemsdijk, H. van. On the diagnosis of wh movement.
|
| 650 |
|
0 |
|a Romance languages
|x Grammar, Generative.
|
| 650 |
|
0 |
|a Germanic languages
|x Grammar, Generative.
|
| 700 |
1 |
|
|a Keyser, Samuel Jay,
|d 1935-
|
| 852 |
8 |
|
|b CARM
|h A1:AL19D0
|i C10442
|p 0447251
|f BK
|
| 999 |
f |
f |
|i d9020d65-48aa-56e9-bacb-bb99c44ed58c
|s db3e92cd-9ff0-569c-aafd-bb5e23cf5473
|
| 952 |
f |
f |
|p Can circulate
|a CAVAL
|b CAVAL
|c CAVAL
|d CARM 1 Store
|e C10442
|f A1:AL19D0
|h Other scheme
|i book
|m 0447251
|